| 000 | 00498cam a22002171 4500 | ||
|---|---|---|---|
| 001 | sa 66002557 | ||
| 003 | DLC | ||
| 005 | 20260227112230.0 | ||
| 008 | 890514s1963 xx 000 0 urdo | ||
| 010 | _asa 66002557 | ||
| 035 | _a(OCoLC)23544280 | ||
| 040 |
_aDLC _cMiU _dDLC |
||
| 042 | _apremarc | ||
| 050 | 0 | 0 |
_aBP178 _b.S5 |
| 100 | 1 |
_aShamim, Ahmad, _d1940- |
|
| 245 | 1 | 0 | _aMerī Namāz. |
| 260 | _c1963. | ||
| 300 |
_a120 p. _c19 cm. |
||
| 500 | _aRomanized. | ||
| 650 | 0 |
_aPrayer _xIslam |
|
| 999 |
_c68442 _d68442 |
||